000 01954cam a2200397Ii 4500
001 sky306379516
003 SKY
005 20240626185924.0
008 220827t20222021enk 000 1 eng d
010 _abl2022021755
020 _a9780008523794
020 _a0008523797
040 _aOF9
_beng
_erda
_cOF9
_dOF9
_dUtOrBLW
_dSKYRV
043 _ae-uk-en
082 0 4 _a813
099 _aPeters, G.
100 1 _aPeters, Glynis.
245 1 4 _aThe Red Cross orphans /
_cGlynis Peters.
250 _aPaperback edition.
260 _aLondon :
_bOne More Chapter,
_c2022.
264 1 _aLondon :
_bOne More Chapter,
_c2022.
300 _a391 pages ;
_c20 cm.
490 1 _aRed Cross orphans ;
_v1.
520 _aOrphan Kitty Pattison is young and naive when she volunteers with the Red Cross. She meets fellow volunteers Joan Norfolk and Trixie Dunn, and a bond of friendship is forged during the Blitz. Days are spent nursing injured soldiers and caring for orphans just like herself. Nights are spent anticipating bombs falling from the sky and then trawling through the wreckage to save who she can, but the light and laughter she finds with Jo and Trix see Kitty through the darkest hours. And when Kitty starts growing closer to handsome Canadian doctor Michael McCarthy, it's her friends who help her find the courage to realize we all deserve love.
590 _aardfic01/23.
590 _ajla01/23.
650 0 _aFemale friendship
_zEngland
_y20th century
_vFiction.
650 0 _aMan-woman relationships
_zEngland
_y20th century
_vFiction.
650 0 _aOrphans
_zEngland
_y20th century
_vFiction.
650 0 _aRed Cross and Red Crescent
_zEngland
_xEmployees
_y20th century
_vFiction.
650 0 _aVolunteer workers in medical care
_zEngland
_y20th century
_vFiction.
650 0 _aWorld War, 1939-1945
_zEngland
_vFiction.
655 7 _aHistorical fiction.
_2lcgft.
800 1 _aPeters, Glynis.
_tRed Cross orphans ;
_v1.
942 _cBK
999 _c29908
_d29906